| 000 | 03029cam a2200361 4500500 | ||
|---|---|---|---|
| 005 | 20260322010718.0 | ||
| 041 | _afre | ||
| 042 | _adc | ||
| 100 | 1 | 0 |
_aGansou, Grégoire Magloire _eauthor |
| 700 | 1 | 0 |
_aTognidé, Mathieu C. _eauthor |
| 700 | 1 | 0 |
_aFiossi-Kpadonou, Émilie _eauthor |
| 700 | 1 | 0 |
_aAlihonou, André _eauthor |
| 700 | 1 | 0 |
_aEzin-Houngbe, Josiane _eauthor |
| 700 | 1 | 0 |
_aAgossou, Thérèse _eauthor |
| 700 | 1 | 0 |
_aAhyi, René Gualbert _eauthor |
| 245 | 0 | 0 | _aCaractéristiques épidémiologiques et psychopathologiques de la toxicomanie au Bénin |
| 260 | _c2014. | ||
| 500 | _a68 | ||
| 520 | _aDe multiples facteurs caractérisent la toxicomanie au Bénin. De janvier 2006 à décembre 2010, nous avons réalisé an CNHP de Cotonou, une étude transversale à visée descriptive qui avait pour objectif d’étudier les aspects épidémiologiques et psychopathologiques de la toxicomanie. Les sujets de l’étude représentaient 21,05% des patients du CNHP 64,89% avaient au moins le niveau d’étude secondaire. Le plus jeune toxicomane était âgé de 10 ans et 64, 59% avaient entre 21 à 30 ans. 23,67% des toxicomanes étaient issus de familles au sein desquelles l’absence de représentations parentales authentiques était en cause. Au rang des drogues consommées, on retrouvait le cannabis (47,66%), la cocaïne (24,96%), l’héroïne (23,67%) et des amphétamines de fabrication locale. La polytoxicomanie représentait 53,41% des cas. La lutte contre la toxicomanie nécessite une collaboration étroite avec les professionnels de la santé mentale et un engagement politique plus courageux. | ||
| 520 | _aMultiple factors characterizedrug-addiction in Bénin. From January 2006 to December 2010, we realized at the CNHP of Cotonou, across-sectional studywith a descriptive aim the objective of which was to study the epidemiological and psychopathological aspects of addiction. Thestudy targets represented 21.05% of patients at the CNHP. 64.89% had at least a high-school education. The youngest addict was aged 10 and 64,59% were between 21-30 years. 23.67% of addicts were from families in which the lack of genuine parental representations was at issue. Among the drugs used, there were cannabis (47.66%), cocaine (24.96%), heroin (23,67%) and amphetamines manufactured locally. Poly-toxicomania represented 53.41% of cases. The fight against drug addiction requires close collaboration between mental health professionals and acourageons political commitment. | ||
| 690 | _aépidémiologie | ||
| 690 | _amoyens de lutte | ||
| 690 | _apsychopathologie | ||
| 690 | _asubstances psychoactives | ||
| 690 | _atoxicomanie | ||
| 690 | _acontrol methods | ||
| 690 | _adrug-addiction | ||
| 690 | _aepidemiology | ||
| 690 | _apsychoactive substances | ||
| 690 | _apsychopathology | ||
| 786 | 0 | _nPsy Cause | 65 | 1 | 2014-01-17 | p. 35-41 | 1245-2394 | |
| 856 | 4 | 1 | _uhttps://shs.cairn.info/revue-psy-cause-2014-1-page-35?lang=fr&redirect-ssocas=7080 |
| 999 |
_c1758730 _d1758730 |
||